Social Work Profession (Record no. 542272)

MARC details
000 -LEADER
fixed length control field 00503nam a2200181Ia 4500
008 - FIXED-LENGTH DATA ELEMENTS--GENERAL INFORMATION
fixed length control field 240825s9999 xx 000 0 und d
020 ## - INTERNATIONAL STANDARD BOOK NUMBER
ISBN 9789392262074
Paper back/Hardbound hbk
041 ## - LANGUAGE CODE
Language code of text/sound track or separate title eng
082 ## - DEWEY DECIMAL CLASSIFICATION NUMBER
Classification number 361.3 ATI
100 ## - MAIN ENTRY--AUTHOR NAME
Personal name Atik-ur-Rahaman S.M
245 #0 - TITLE STATEMENT
Title Social Work Profession
Statement of responsibility, etc / Atik-ur-Rahaman S.M.
250 ## - EDITION STATEMENT
Edition statement 1st edition
260 ## - PUBLICATION, DISTRIBUTION, ETC. (IMPRINT)
Name of publisher Book Enclave, Jaipur, India, 2022.
300 ## - PHYSICAL DESCRIPTION
Number of Pages vi, 292 pages ; 24 cm.
650 ## - SUBJECT ADDED ENTRY--TOPICAL TERM
Topical Term Social problems and services
942 ## - ADDED ENTRY ELEMENTS (KOHA)
Koha item type Reference
Holdings
Withdrawn status Lost status Damaged status Not for loan Home library Current library Shelving location Date acquired Cost, normal purchase price Full call number Accession Number Price effective from Koha item type
        Anna Centenary Library Anna Centenary Library 4TH FLOOR, A WING 25.08.2024 1995.00 361.32 RAH 664705 25.08.2024 Reference
        Anna Centenary Library Anna Centenary Library 4TH FLOOR, A WING 25.08.2024 1995.00 361.3 ATI 664706 25.08.2024 Reference

Find us on the map